000 00269nam a22001097a 4500
008 230704b xxu||||| |||| 00| 0 eng d
082 _a342.07
_bECK
245 _aKanuni za Utendakazi za Uchaguzi
260 _bTume ya Uchaguzi ya Kenya
300 _a16p
942 _2ddc
_cBK
999 _c3659
_d3659